[Event "Presolana op 35th"]
[Site "Presolana"]
[Date "2015.08.28"]
[Round "6"]
[White "Manoni, Emmanuel Denis"]
[Black "Mascheroni, Maurizio"]
[Result "1-0"]
[WhiteElo "1892"]
[BlackElo "1945"]
[PlyCount "61"]
[EventDate "2015.08.23"]
[EventType "swiss"]
[EventRounds "8"]
[EventCountry "ITA"]
[SourceTitle "EXT 2024"]
[Source "ChessBase"]
[SourceDate "2023.10.10"]
[SourceVersion "1"]
[SourceVersionDate "2023.10.10"]
[SourceQuality "1"]

1. Nf3 Nf6 2. c4 e6 3. g3 b6 4. Bg2 Bb7 5. 0-0 Be7 6. d4 d6 7. Nbd2 Nbd7 8. b3 c5 9. Bb2 cxd4 10. Nxd4 Bxg2 11. Kxg2 Rc8 12. N2f3 a6 13. Rc1 0-0 14. e3 Re8 15. Qe2 Nb8 16. Rfd1 Qc7 17. b4 Nc6 18. b5 Nb8 19. Kg1 Qb7 20. Ba3 d5 21. Bxe7 Qxe7 22. bxa6 dxc4 23. Rxc4 Rxc4 24. Qxc4 Qc5 25. Qxc5 bxc5 26. a7 Nbd7 27. Nc6 Kf8 28. Rb1 Nd5 29. Nb8 N7b6 30. e4 Nb4 31. a3 1-0

[Event "Presolana op 35th"]
[Site "Presolana"]
[Date "2015.08.25"]
[Round "3"]
[White "Manoni, Emmanuel Denis"]
[Black "Bosio, Devis"]
[Result "0-1"]
[WhiteElo "1892"]
[BlackElo "1971"]
[PlyCount "100"]
[EventDate "2015.08.23"]
[EventType "swiss"]
[EventRounds "8"]
[EventCountry "ITA"]
[SourceTitle "EXT 2024"]
[Source "ChessBase"]
[SourceDate "2023.10.10"]
[SourceVersion "1"]
[SourceVersionDate "2023.10.10"]
[SourceQuality "1"]

1. Nf3 f5 2. d3 d6 3. e4 e5 4. Nc3 Nf6 5. Bg5 Be7 6. g3 Nc6 7. Bg2 Be6 8. 0-0 0-0 9. Re1 h6 10. Bxf6 Bxf6 11. exf5 Bxf5 12. Nd5 Qd7 13. Rb1 Rf7 14. Nd2 Raf8 15. Rf1 Bd8 16. Ne3 Be6 17. c4 Nd4 18. Nc2 Bg4 19. f3 Nxc2 20. Qxc2 Bh5 21. f4 c6 22. fxe5 dxe5 23. Ne4 Qd4+ 24. Kh1 Rxf1+ 25. Rxf1 Rxf1+ 26. Bxf1 Bb6 27. c5 Bf3+ 28. Bg2 Bxe4 29. Bxe4 Bxc5 30. Qc4+ Kf8 31. Qxd4 Bxd4 32. b3 Ke7 33. a4 Kd6 34. Bf5 Kc5 35. Kg2 Kb4 36. Bc8 Kxb3 37. Bxb7 Kxa4 38. Bxc6+ Kb4 39. Kf3 a5 40. Ke2 a4 41. Kd2 Kb3 42. Kc1 a3 43. Bd5+ Kc3 44. Bc4 e4 45. g4 exd3 46. Bd5 d2+ 47. Kd1 Be3 48. h4 Kb2 49. g5 hxg5 50. hxg5 a2 0-1